Estadísticas para ¿A qué país pertenece la ciudad? #2

Haz click aquí para intentar la prueba.

Estadísticas generales

  • Esta prueba ha sido intentada 38 veces
  • La puntuación promedio es 9 de 15

Estadísticas de respuestas

PreguntaRespuesta% Correcto
SplitCroacia
87%
AlejandríaEgipto
82%
JeddahArabia Saudita
76%
ColomboSri Lanka
76%
SfaxTúnez
68%
PalikirEstados Federados de Micronesia
66%
LibrevilleGabón
63%
GuimarãesPortugal
58%
UlsanCorea del Sur
55%
RovaniemiFinlandia
55%
IquitosPerú
50%
BujaráUzbekistán
50%
SurabayaIndonesia
45%
HyderabadIndia
26%
ManicaraguaCuba
5%

Distribución de puntuación

Porcentaje por número respondido

Porcentaje de gente con cada puntuación

Historial de tus puntuaciones

No has intentado esta prueba.